Personálny informačný systém

Personálny informačný systém v organizácii a jeho hlavné úlohy. Počítačový personálny informačný systém.

Salvato in:
Dettagli Bibliografici
Autore principale: Šukalová, Viera
Natura: Capitolo di libro
Lingua:slovacco
Soggetti:
Tags: Aggiungi Tag
Nessun Tag, puoi essere il primo ad aggiungerne!!

MARC

LEADER 00000naa a2200000 4500
001 0221655
005 20231120140011.1
041 0 |a slo 
044 |a SK 
245 1 0 |a Personálny informačný systém  |c Viera Šukalová 
520 |a Personálny informačný systém v organizácii a jeho hlavné úlohy. Počítačový personálny informačný systém. 
610 2 0 |a práca personálna 
610 2 0 |a systémy informačné 
610 2 0 |a systémy počítačové 
610 2 0 |a podnik 
100 1 |a Šukalová, Viera